000 00331nam a2200145Ia 4500
008 221030s9999 xx 000 0 und d
041 _aEnglish
082 _a105.23
100 _aPk
245 0 _aInorganic Chemistry Digest
_cby Pk
260 _bKhosla Pub
_aNew Delhi
_c1987
300 _a164
650 _aChemistry
942 _cBK
999 _c1095
_d1095